Nghiên cứu sử dụng bột đậu nành làm thức ăn chế biến nuôi cá lóc bông (Channa microplates) Luận văn Tốt nghiệp Cao học. Chuyên ngành: Nuôi trồng thuỷ sản

Luận văn tìm hiểu khả năng thay thế đạm bột cá bằng đạm bột đậu nành, thay thế cá tạp bằng thức ăn chế biến nhằm mục đích nuôi cá lóc bông (Channa microplates) đạt hiệu qủa về tài chính.

Đã lưu trong:
書目詳細資料
主要作者: Lê, Quốc Toán
格式: 圖書
語言:Undetermined
出版: Cần Thơ Trường Đại học Cần Thơ 2010
主題:
標簽: 添加標簽
沒有標簽, 成為第一個標記此記錄!
Thư viện lưu trữ: Trung tâm Học liệu Trường Đại học Cần Thơ
LEADER 01259nam a2200229Ia 4500
001 CTU_161695
008 210402s9999 xx 000 0 und d
082 |a 639.31 
082 |b T406 
088 |a 606270 
100 |a Lê, Quốc Toán 
245 0 |a Nghiên cứu sử dụng bột đậu nành làm thức ăn chế biến nuôi cá lóc bông (Channa microplates) 
245 0 |b Luận văn Tốt nghiệp Cao học. Chuyên ngành: Nuôi trồng thuỷ sản 
245 0 |c Lê Quốc Toán ; Trần Thị Thanh Hiền ( Hướng dẫn khoa học) 
260 |a Cần Thơ 
260 |b Trường Đại học Cần Thơ 
260 |c 2010 
520 |a Luận văn tìm hiểu khả năng thay thế đạm bột cá bằng đạm bột đậu nành, thay thế cá tạp bằng thức ăn chế biến nhằm mục đích nuôi cá lóc bông (Channa microplates) đạt hiệu qủa về tài chính. 
650 |a Fish culture,Aquaculture,Nuôi cá,Nuôi trồng thuỷ sản 
650 |z Vietnam,Vietnam,Việt Nam,Việt Nam 
904 |i Linh Cát, Trọng Hiếu 
980 |a Trung tâm Học liệu Trường Đại học Cần Thơ